[Event "46th World U20 ch"]
[Site "Yerevan ARM"]
[Date "2007.10.08"]
[Round "6.28"]
[White "Galic, Ivan"]
[Black "Abhishek, Das"]
[Result "1/2-1/2"]
[WhiteElo "2255"]
[BlackElo "2383"]
[EventDate "2007.10.03"]
[PlyCount "116"]

1.d4 d5 2.c4 e6 3.Nc3 Be7 4.Nf3 Nf6 5.cxd5 exd5 6.Bg5 c6 7.Qc2 g6 8.Bxf6 
Bxf6 9.b4 O-O 10.e3 Bf5 11.Qb3 a6 12.Be2 Nd7 13.O-O Nb6 14.a4 Nc8 15.b5 
axb5 16.axb5 Nd6 17.bxc6 bxc6 18.Na4 Ne4 19.Rac1 Qa5 20.Nc5 Rfb8 21.Qd1 
Rb2 22.Bd3 Qa2 23.Bxe4 dxe4 24.Ne1 Be7 25.g3 Bxc5 26.Rxc5 Be6 27.Qc1 Rb1 
28.Qc3 Ra3 29.Qc2 Qa1 30.Qxb1 Qxb1 31.Nc2 Qb2 32.Nxa3 Qxa3 33.Rxc6 Qd3 34.
Rxe6 fxe6 35.Rc1 h5 36.h4 g5 37.hxg5 Kf7 38.g6+ Kxg6 39.Rc5 Qd1+ 40.Kg2 
Qg4 41.Kh2 Kf6 42.Re5 Qf3 43.Kg1 Qd1+ 44.Kg2 Qg4 45.Kh2 Ke7 46.Rc5 Kd6 47.
Re5 Qg7 48.Rc5 Qg6 49.Re5 Qh7 50.Rc5 Qb7 51.Kg2 Qf7 52.Re5 Qg6 53.Kh2 Qg4 
54.Rc5 h4 55.gxh4 Qxh4+ 56.Kg2 Qg4+ 57.Kf1 Qf3 58.Re5 Qd1+ 1/2-1/2

[Event "46th World U20 ch"]
[Site "Yerevan ARM"]
[Date "2007.10.08"]
[Round "6.29"]
[White "Benidze, Davit"]
[Black "Shamieh, Mahmoud"]
[Result "1-0"]
[WhiteElo "2365"]
[BlackElo "2203"]
[EventDate "2007.10.03"]
[PlyCount "89"]

1.d4 g6 2.c4 f5 3.Nc3 Nf6 4.Nf3 Bg7 5.g3 d6 6.Bg2 O-O 7.O-O Nc6 8.d5 Ne5 
9.Nxe5 dxe5 10.Qb3 Kh8 11.Rd1 h6 12.e4 Nh5 13.exf5 gxf5 14.Re1 f4 15.Qd1 
Qe8 16.Bf3 fxg3 17.fxg3 Rxf3 18.Qxf3 Qg6 19.Rf1 Bh3 20.Qe4 Qxe4 21.Nxe4 
Bxf1 22.Kxf1 Nf6 23.Nc5 e4 24.Ke2 b5 25.cxb5 Nxd5 26.Rb1 c6 27.bxc6 Rc8 
28.Nxe4 Rxc6 29.Bd2 Kh7 30.Kd3 Nf6 31.Nxf6+ exf6 32.Be3 a6 33.b4 f5 34.Rc1
Rd6+ 35.Ke2 Kg6 36.a4 h5 37.b5 axb5 38.axb5 Rd7 39.b6 Be5 40.Rc6+ Kf7 41.
Rh6 Re7 42.Kf3 Ke8 43.Rxh5 Rf7 44.Rh6 Kd8 45.Bf4 1-0

[Event "46th World U20 ch"]
[Site "Yerevan ARM"]
[Date "2007.10.08"]
[Round "6.30"]
[White "Mijovic, Stefan"]
[Black "Nasri, Amin"]
[Result "0-1"]
[WhiteElo "2228"]
[BlackElo "2364"]
[EventDate "2007.10.03"]
[PlyCount "46"]

1.e4 e5 2.Nf3 Nf6 3.Nc3 Bb4 4.Nxe5 O-O 5.Be2 Re8 6.Nd3 Bxc3 7.dxc3 Nxe4 8.
Nf4 d6 9.O-O Nc6 10.Be3 Bf5 11.Re1 Qd7 12.Bf1 h6 13.f3 Nf6 14.c4 Re7 15.
Qd2 Rae8 16.Nd5 Re6 17.Bd3 Bxd3 18.cxd3 Ne5 19.Nxf6+ Rxf6 20.b3 Qf5 21.d4 
Nxf3+ 22.gxf3 Rg6+ 23.Qg2 Qxf3 0-1

[Event "46th World U20 ch"]
[Site "Yerevan ARM"]
[Date "2007.10.09"]
[Round "7.3"]
[White "Stellwagen, Daniel"]
[Black "Meier, Georg"]
[Result "1/2-1/2"]
[WhiteElo "2639"]
[BlackElo "2558"]
[EventDate "2007.10.03"]
[PlyCount "72"]

1.e4 e6 2.d4 d5 3.Nc3 dxe4 4.Nxe4 Nd7 5.Nf3 Ngf6 6.Nxf6+ Nxf6 7.Be3 Nd5 8.
Bd2 c5 9.dxc5 Bxc5 10.Bd3 Qc7 11.Qe2 Bd7 12.O-O-O Nf4 13.Bxf4 Qxf4+ 14.Rd2
O-O-O 15.Be4 Kb8 16.g3 Qc7 17.Rhd1 Bc8 18.Rxd8 Rxd8 19.Rxd8 Qxd8 20.Bxh7 
f6 21.Ne1 Qh8 22.Be4 Qxh2 23.Nd3 Bb6 24.b4 Bd4 25.Kd2 f5 26.Bf3 Qh6+ 27.
Kd1 Bc3 28.a3 Qf6 29.g4 g6 30.gxf5 gxf5 31.Qe3 Bd4 32.Qd2 Qg7 33.Ke2 e5 
34.c3 Bb6 35.Bd5 Qe7 36.f3 Qg7 1/2-1/2

[Event "46th World U20 ch"]
[Site "Yerevan ARM"]
[Date "2007.10.09"]
[Round "7.6"]
[White "Gupta, Abhijeet"]
[Black "Andreikin, Dmitry"]
[Result "1/2-1/2"]
[WhiteElo "2470"]
[BlackElo "2555"]
[EventDate "2007.10.03"]
[PlyCount "155"]

1.d4 Nf6 2.c4 d6 3.Nc3 e5 4.Nf3 Nbd7 5.Bg5 Be7 6.e3 O-O 7.Qc2 exd4 8.exd4 
h6 9.Be3 c6 10.Bd3 Re8 11.h3 a6 12.O-O-O b5 13.g4 bxc4 14.Bxc4 Nb6 15.Bb3 
Nfd5 16.Rhg1 Be6 17.Rg3 Qd7 18.g5 Bf5 19.Qd2 Nxc3 20.Qxc3 Nd5 21.Qd2 Rab8 
22.gxh6 g6 23.Bg5 Bxg5 24.Nxg5 f6 25.Nf3 Re4 26.Re1 Qe6 27.Rgg1 Rxb3 28.
axb3 Nf4 29.Re3 Rxe3 30.Qxe3 Qxe3+ 31.fxe3 Ne2+ 32.Kd2 Nxg1 33.Nxg1 Kh7 
34.Ke2 a5 35.Kf3 Bc2 36.Kg3 Bd1 37.h4 Kxh6 38.Nh3 Bxb3 39.Nf2 Bc2 40.e4 
Kg7 41.Kf4 Kf7 42.Ke3 Bb3 43.Kf4 Ke6 44.Ng4 Bc2 45.Ne3 Bd3 46.d5+ cxd5 47.
exd5+ Kf7 48.Nd1 Bc4 49.Ke4 Bb3 50.Nc3 Ke7 51.Kf4 Bc2 52.Nb5 Kd7 53.Nd4 
Bd3 54.Ke3 Bc4 55.Ne6 Ke7 56.Kd4 Bb3 57.Ke4 Bc2+ 58.Kf4 Bb3 59.Ke4 Bc4 60.
Kd4 Bb5 61.Ke4 Bd7 62.Nd4 g5 63.hxg5 fxg5 64.Nf5+ Bxf5+ 65.Kxf5 g4 66.Kxg4
Kf6 67.Kf4 a4 68.Ke4 Kg5 69.Kd4 Kf4 70.Kc4 Ke4 71.Kb4 Kxd5 72.Kxa4 Kc4 73.
b3+ Kc3 74.b4 d5 75.b5 d4 76.b6 d3 77.b7 d2 78.Ka5 1/2-1/2

[Event "46th World U20 ch"]
[Site "Yerevan ARM"]
[Date "2007.10.09"]
[Round "7.7"]
[White "Popov, Ivan"]
[Black "Banusz, Tamas"]
[Result "1-0"]
[WhiteElo "2539"]
[BlackElo "2491"]
[EventDate "2007.10.03"]
[PlyCount "101"]

1.e4 e5 2.Nc3 Nf6 3.Nf3 Nc6 4.d4 exd4 5.Nxd4 Bb4 6.Nxc6 bxc6 7.Bd3 d5 8.
exd5 cxd5 9.O-O O-O 10.Bg5 c6 11.Qf3 Bd6 12.h3 Rb8 13.Na4 h6 14.Bxf6 Qxf6 
15.Qxf6 gxf6 16.b3 Kg7 17.c4 Ba6 18.Rfd1 Be5 19.Rac1 Bf4 20.Rc2 Rfd8 21.
Re1 Be5 22.Nc5 dxc4 23.Bxc4 Bxc4 24.bxc4 Rb2 25.Rxb2 Bxb2 26.Nb3 Ba3 27.
Kf1 Bb4 28.Re4 a5 29.c5 Rd5 30.Ke2 Bxc5 31.Nxa5 Bxf2 32.Nxc6 Bg1 33.Rc4 
Rg5 34.Rg4 Kf8 35.Rxg5 fxg5 36.Kd3 Kg7 37.a4 Kf6 38.a5 Ke6 39.a6 Kd5 40.a7
Bxa7 41.Nxa7 f5 42.Nb5 Ke5 43.Ke3 f4+ 44.Kf2 h5 45.Kf3 Kf5 46.Nd4+ Ke5 47.
Ne2 Kf5 48.g4+ fxg3 49.Nxg3+ Kg6 50.Ke4 h4 51.Nf1 1-0

[Event "46th World U20 ch"]
[Site "Yerevan ARM"]
[Date "2007.10.09"]
[Round "7.8"]
[White "Melkumian, Hrant"]
[Black "Pashikian, Arman"]
[Result "1/2-1/2"]
[WhiteElo "2469"]
[BlackElo "2534"]
[EventDate "2007.10.03"]
[PlyCount "84"]

1.d4 d5 2.c4 c6 3.Nc3 Nf6 4.Nf3 dxc4 5.a4 Bf5 6.Ne5 e6 7.f3 c5 8.e4 Bg6 9.
Be3 cxd4 10.Qxd4 Qxd4 11.Bxd4 Nfd7 12.Nxd7 Nxd7 13.Nb5 Bb4+ 14.Kf2 O-O 15.
Bxc4 a6 16.Na3 Rac8 17.b3 Rfd8 18.Nc2 Be7 19.a5 Kf8 20.Rhd1 f6 21.Bb2 Bf7 
22.Ne3 Ne5 23.Bxe5 fxe5 24.Nc2 Rc5 25.Ke2 Rxd1 26.Rxd1 Ke8 27.Kd3 Bd8 28.
b4 Rc8 29.Kc3 Ke7 30.Kb3 Be8 31.Ne1 Bc7 32.Nd3 Bd6 33.Rf1 Bd7 34.Rh1 g6 
35.h4 h6 36.Rd1 Be8 37.Rh1 Bd7 38.Re1 Rf8 39.Rd1 Rd8 40.Re1 Be8 41.Rh1 Bc6
42.Re1 Rf8 1/2-1/2

[Event "46th World U20 ch"]
[Site "Yerevan ARM"]
[Date "2007.10.09"]
[Round "7.9"]
[White "Romanov, Evgeny"]
[Black "Kaplan, Sasha"]
[Result "1/2-1/2"]
[WhiteElo "2515"]
[BlackElo "2466"]
[EventDate "2007.10.03"]
[PlyCount "112"]

1.e4 e5 2.Nf3 Nc6 3.d4 exd4 4.Nxd4 Bb4+ 5.c3 Bc5 6.Nxc6 bxc6 7.Bd3 Qh4 8.
Qf3 Nf6 9.h3 O-O 10.g3 Qh5 11.g4 Qh4 12.Bf4 d5 13.Nd2 Re8 14.O-O-O Qxf2 
15.Qxf2 Bxf2 16.Bxc7 h5 17.e5 Nd7 18.Nf3 hxg4 19.hxg4 Nf8 20.Bf5 g6 21.
Bxc8 Raxc8 22.Bd6 Nd7 23.Rh3 Kg7 24.Rdh1 Rh8 25.Rxh8 Rxh8 26.Rxh8 Kxh8 27.
Kc2 Kg7 28.Nd4 Bxd4 29.cxd4 Nf8 30.Bc5 a6 31.Bxf8+ Kxf8 32.Kc3 Ke7 33.Kb4 
f6 34.exf6+ Kxf6 35.Kc5 Kg5 36.Kxc6 Kxg4 37.Kxd5 Kf5 38.Kc6 g5 39.d5 g4 
40.d6 g3 41.d7 g2 42.d8=Q g1=Q 43.Qd3+ Kf4 44.Qc4+ Kf3 45.Qb3+ Ke2 46.Kb7 
a5 47.Ka6 Qd4 48.Qb5+ Kd1 49.Kxa5 Kc1 50.b4 Kb2 51.a4 Kb3 52.Ka6 Qd8 53.
Qc5 Qa8+ 54.Kb6 Qb8+ 55.Ka5 Qa8+ 56.Kb5 Qxa4+ 1/2-1/2

[Event "46th World U20 ch"]
[Site "Yerevan ARM"]
[Date "2007.10.09"]
[Round "7.12"]
[White "Amin, Bassem"]
[Black "Garcia Cardenas, Pablo"]
[Result "1-0"]
[WhiteElo "2561"]
[BlackElo "2149"]
[EventDate "2007.10.03"]
[PlyCount "73"]

1.Nf3 Nf6 2.g3 c5 3.d3 g6 4.Bg2 Bg7 5.O-O Nc6 6.e4 d5 7.Nbd2 O-O 8.c3 e5 
9.a3 a5 10.exd5 Nxd5 11.a4 Be6 12.Nc4 f6 13.Re1 Qc7 14.Nfd2 Rad8 15.f4 Kh8
16.fxe5 Nxe5 17.Nxe5 fxe5 18.Qe2 Nb6 19.Be4 Qd7 20.Nc4 Nxc4 21.dxc4 Qf7 
22.b3 Bf5 23.Bg5 Rd6 24.Rf1 Qd7 25.Bd5 Re8 26.Qe3 b6 27.Ra2 Bh3 28.Rff2 
Rxd5 29.cxd5 Qxd5 30.Ra1 Qxb3 31.Bh6 e4 32.Bxg7+ Kxg7 33.Re1 h5 34.g4 Bxg4
35.h3 Bd7 36.Ref1 Qe6 37.Qg5 1-0

[Event "46th World U20 ch"]
[Site "Yerevan ARM"]
[Date "2007.10.09"]
[Round "7.15"]
[White "Howell, David"]
[Black "Jojua, Davit"]
[Result "1/2-1/2"]
[WhiteElo "2527"]
[BlackElo "2434"]
[EventDate "2007.10.03"]
[PlyCount "49"]

1.e4 c5 2.c3 d5 3.exd5 Qxd5 4.d4 Nc6 5.Nf3 Bg4 6.Be2 Nf6 7.h3 Bh5 8.dxc5 
Qxd1+ 9.Bxd1 e5 10.b4 O-O-O 11.Bb3 Nd5 12.Nh4 e4 13.Bd2 Ne5 14.Na3 a5 15.
Nc2 f6 16.Nf5 Bg6 17.Nd6+ Bxd6 18.Bxd5 Nd3+ 19.Ke2 Bf4 20.Be6+ Kc7 21.Ne3 
Be5 22.Nc4 Bf4 23.Ne3 Be5 24.Nc4 Bf4 25.Ne3 1/2-1/2

[Event "46th World U20 ch"]
[Site "Yerevan ARM"]
[Date "2007.10.09"]
[Round "7.17"]
[White "Hambardzumian, Yuri"]
[Black "Khairullin, Ildar"]
[Result "1/2-1/2"]
[WhiteElo "2387"]
[BlackElo "2567"]
[EventDate "2007.10.03"]
[PlyCount "31"]

1.e4 e5 2.Nf3 Nc6 3.Bb5 a6 4.Ba4 Nf6 5.O-O Be7 6.Re1 b5 7.Bb3 d6 8.h3 Na5 
9.d4 exd4 10.e5 dxe5 11.Nxe5 O-O 12.Bd2 b4 13.a3 Bb7 14.Ba2 Nc6 15.Nxc6 
Bxc6 16.Bxb4 1/2-1/2

[Event "46th World U20 ch"]
[Site "Yerevan ARM"]
[Date "2007.10.09"]
[Round "7.18"]
[White "Rohit, Gogineni"]
[Black "Benidze, Davit"]
[Result "1-0"]
[WhiteElo "2491"]
[BlackElo "2365"]
[EventDate "2007.10.03"]
[PlyCount "87"]

1.e4 c6 2.d4 d5 3.Nc3 dxe4 4.Nxe4 Nd7 5.Bd3 Ngf6 6.Ng5 e6 7.Qe2 Bd6 8.N1f3
h6 9.Ne4 Nxe4 10.Qxe4 Nf6 11.Qe2 Qc7 12.Bd2 b6 13.O-O-O Bb7 14.Rhe1 O-O-O 
15.Ba6 Bxa6 16.Qxa6+ Kb8 17.Kb1 Rhe8 18.Qe2 Nd7 19.c4 Qb7 20.Bc3 b5 21.d5 
cxd5 22.cxd5 Nf6 23.dxe6 Rxe6 24.Qc2 Rxe1 25.Rxe1 b4 26.Bxf6 gxf6 27.Qf5 
b3 28.Qxf6 Bc7 29.Nd4 bxa2+ 30.Ka1 Rc8 31.Qxf7 Bb6 32.Qf4+ Qc7 33.Nc6+ Ka8
34.Ne5 Qb7 35.f3 Ba5 36.Rd1 Bc7 37.Qf5 Bxe5 38.Qxe5 Qb3 39.Qd5+ Qxd5 40.
Rxd5 Rc2 41.Rd8+ Kb7 42.Rg8 h5 43.h4 Rf2 44.Rg5 1-0

[Event "46th World U20 ch"]
[Site "Yerevan ARM"]
[Date "2007.10.09"]
[Round "7.19"]
[White "Brandenburg, Daan"]
[Black "Vlashki, Nino"]
[Result "1-0"]
[WhiteElo "2483"]
[BlackElo "2077"]
[EventDate "2007.10.03"]
[PlyCount "89"]

1.e4 e5 2.Nf3 Nc6 3.d4 exd4 4.Bc4 Nf6 5.Ng5 d5 6.exd5 Na5 7.Qe2+ Qe7 8.
Bb5+ c6 9.dxc6 bxc6 10.O-O Qxe2 11.Bxe2 h6 12.Nf3 c5 13.Re1 Be7 14.Bd2 Nc6
15.c3 dxc3 16.Nxc3 Bd7 17.Bb5 a6 18.Ba4 Ra7 19.Bf4 Nd8 20.Ne5 Bxa4 21.Nxa4
Rb7 22.Nd3 Nd7 23.Naxc5 Nxc5 24.Nxc5 Rxb2 25.Nxa6 Ne6 26.Nc7+ Nxc7 27.Bxc7
f6 28.Bd6 Rb7 29.a4 Kf7 30.Bxe7 Rxe7 31.Rxe7+ Kxe7 32.a5 Ra8 33.a6 Ra7 34.
f4 Ke6 35.Kf2 g6 36.Ke3 Kf5 37.h3 h5 38.Ra5+ Ke6 39.f5+ Kf7 40.fxg6+ Kxg6 
41.Kd4 h4 42.Kc5 Ra8 43.a7 Kg5 44.Kb6+ Kf4 45.Ra3 1-0

[Event "46th World U20 ch"]
[Site "Yerevan ARM"]
[Date "2007.10.09"]
[Round "7.20"]
[White "Margvelashvili, Giorgi"]
[Black "Priborsky, Jan"]
[Result "1-0"]
[WhiteElo "2451"]
[BlackElo "2359"]
[EventDate "2007.10.03"]
[PlyCount "81"]

1.Nf3 Nf6 2.c4 g6 3.Nc3 d5 4.cxd5 Nxd5 5.Qa4+ Bd7 6.Qc2 Nb4 7.Qd1 c5 8.g3 
Bg7 9.Bg2 Bc6 10.O-O O-O 11.d3 Nd5 12.Bd2 Nc7 13.Rc1 Ne6 14.a3 Nd4 15.Nxd4
Bxg2 16.Ne6 Qb6 17.Nxf8 Bxf1 18.Qxf1 Qxb2 19.Qd1 Bxc3 20.Bxc3 Qxa3 21.Qc2 
Qa6 22.Qd2 Kxf8 23.Qh6+ Ke8 24.Qxh7 Kd7 25.Qxf7 Qe6 26.Qf8 a5 27.Rb1 b6 
28.d4 c4 29.Qf3 Ra7 30.d5 Qd6 31.e4 Na6 32.e5 Qc5 33.Qg4+ Kc7 34.Bd4 Qxd5 
35.Bxb6+ Kb7 36.Bxa5+ Kc6 37.Qc8+ Nc7 38.Bxc7 Rxc7 39.Qa8+ Kc5 40.Qa5+ Kc6
41.Rb6+ 1-0

[Event "46th World U20 ch"]
[Site "Yerevan ARM"]
[Date "2007.10.09"]
[Round "7.21"]
[White "Llaneza Vega, Marcos"]
[Black "Arngrimsson, Dagur"]
[Result "1-0"]
[WhiteElo "2426"]
[BlackElo "2323"]
[EventDate "2007.10.03"]
[PlyCount "85"]

1.e4 e5 2.Nf3 Nc6 3.Nc3 Nf6 4.Bb5 Bd6 5.d3 h6 6.O-O a6 7.Bc4 Bc5 8.Ne2 d6 
9.c3 Ba7 10.a4 O-O 11.Ng3 Be6 12.Bxe6 fxe6 13.h3 Qd7 14.Qe2 Qf7 15.b4 Nh5 
16.Nxh5 Qxh5 17.Be3 Ne7 18.Kh2 Rf6 19.d4 Raf8 20.Ng1 Qxe2 21.Nxe2 exd4 22.
cxd4 Nc6 23.b5 Nb4 24.Rac1 c6 25.Rc4 a5 26.bxc6 Nxc6 27.Rc3 e5 28.dxe5 
dxe5 29.Bxa7 Nxa7 30.f3 Rd8 31.Rc7 Rb6 32.Ng3 g6 33.f4 exf4 34.Rxf4 Rf8 
35.Ne2 Rxf4 36.Nxf4 Rb4 37.Nd5 Rxa4 38.e5 Nb5 39.Rxb7 Nd4 40.Re7 Nf5 41.
Ra7 Kf8 42.e6 Rd4 43.Nf6 1-0

[Event "46th World U20 ch"]
[Site "Yerevan ARM"]
[Date "2007.10.09"]
[Round "7.22"]
[White "Nasri, Amin"]
[Black "Bulski, Krzysztof"]
[Result "0-1"]
[WhiteElo "2364"]
[BlackElo "2421"]
[EventDate "2007.10.03"]
[PlyCount "75"]

1.d4 Nf6 2.c4 e6 3.Nc3 Bb4 4.Qc2 O-O 5.e4 d5 6.e5 Ne4 7.Bd3 c5 8.cxd5 exd5
9.Ne2 Nc6 10.O-O cxd4 11.Nxd5 Qxd5 12.Bxe4 Qxe5 13.Bxh7+ Kh8 14.Bf4 Qf6 
15.Be4 Bg4 16.f3 Be6 17.a3 Be7 18.Qd3 Rad8 19.Qb5 g5 20.h4 Bc4 21.Qxc4 
gxf4 22.Rad1 d3 23.Nc1 Ne5 24.Qc3 Rc8 25.Qe1 Qb6+ 26.Kh1 Qh6 27.g3 fxg3 
28.Qxg3 d2 29.Rxd2 Bf6 30.Qh2 Nc4 31.Re2 Rc5 32.Nd3 Rh5 33.Rg1 Ne5 34.f4 
Nxd3 35.Bxd3 Rc8 36.Rg4 Bxh4 37.Reg2 Bf2 38.Rxf2 0-1

[Event "46th World U20 ch"]
[Site "Yerevan ARM"]
[Date "2007.10.09"]
[Round "7.23"]
[White "Ibarra Chami, Luis Fernando"]
[Black "Tamazian, Haik"]
[Result "0-1"]
[WhiteElo "2416"]
[BlackElo "2072"]
[EventDate "2007.10.03"]
[PlyCount "82"]

1.e4 e5 2.Nf3 Nc6 3.Bc4 Bc5 4.Nc3 d6 5.d3 h6 6.Be3 Bb6 7.h3 Be6 8.Bb5 Ne7 
9.Bxb6 axb6 10.d4 exd4 11.Nxd4 Bd7 12.O-O O-O 13.a4 Kh8 14.f4 f5 15.Bxc6 
bxc6 16.e5 dxe5 17.fxe5 c5 18.Ndb5 Qc8 19.Qh5 Qb7 20.Rf2 Kh7 21.Raf1 Rad8 
22.Qh4 Ng6 23.Qg3 f4 24.Qh2 Bc6 25.e6 Rde8 26.Ne2 Rxe6 27.Nxf4 Nxf4 28.
Rxf4 Rxf4 29.Rxf4 Re2 30.Rf2 Bxb5 31.axb5 Re1+ 32.Rf1 Qe4 33.g3 Re2 34.Rf2
Qd4 35.Qg2 Rxc2 36.Qf3 Rxf2 37.Qxf2 Kg6 38.b3 Qxf2+ 39.Kxf2 Kf5 40.Kf3 Ke5
41.Ke3 Kd5 0-1

[Event "46th World U20 ch"]
[Site "Yerevan ARM"]
[Date "2007.10.09"]
[Round "7.24"]
[White "Kalashian, David"]
[Black "Ter-Sahakyan, Samvel"]
[Result "1-0"]
[WhiteElo "2361"]
[BlackElo "2389"]
[EventDate "2007.10.03"]
[PlyCount "101"]

1.e4 c5 2.Nf3 e6 3.Nc3 d6 4.d4 cxd4 5.Nxd4 Nf6 6.Be2 a6 7.O-O Be7 8.f4 Nc6
9.Kh1 O-O 10.a4 Qc7 11.Be3 Bd7 12.Nb3 b6 13.Bf3 Rab8 14.g4 Bc8 15.g5 Nd7 
16.Bg2 Re8 17.Qh5 Bb7 18.f5 Nce5 19.Nd4 Bf8 20.Qh3 Qc4 21.Rf4 g6 22.Rh4 h5
23.gxh6 Kh7 24.fxe6 fxe6 25.Rf4 b5 26.axb5 axb5 27.Raf1 b4 28.Nce2 Be7 29.
b3 Qc8 30.Nxe6 Qxc2 31.N2d4 Qd3 32.Qg3 Kh8 33.Ng7 Rf8 34.Ngf5 Rfe8 35.Nxe7
Rxe7 36.Qg5 Rbe8 37.h4 Rh7 38.Bg1 Rg8 39.Kh2 Qc3 40.Nf3 Qxb3 41.Bd4 Qe6 
42.Bh3 Qe8 43.Bxd7 Rxd7 44.Nxe5 dxe5 45.Qxe5+ Kh7 46.Qxe8 Rxe8 47.Rf7+ 
Rxf7 48.Rxf7+ Kxh6 49.Rxb7 Rxe4 50.Bf6 Kh5 51.Kg3 1-0

[Event "46th World U20 ch"]
[Site "Yerevan ARM"]
[Date "2007.10.09"]
[Round "7.25"]
[White "Kulakov, Viacheslav"]
[Black "Bregadze, Levan"]
[Result "1/2-1/2"]
[WhiteElo "2261"]
[BlackElo "2388"]
[EventDate "2007.10.03"]
[PlyCount "160"]

1.d4 Nf6 2.Nf3 e6 3.c3 c5 4.e3 b6 5.Bd3 Bb7 6.Nbd2 cxd4 7.exd4 Be7 8.O-O 
O-O 9.Qe2 d6 10.Ne4 Nxe4 11.Bxe4 Bxe4 12.Qxe4 Nd7 13.Qd3 Nf6 14.Bg5 h6 15.
Bxf6 Bxf6 16.Nd2 d5 17.f4 Qd6 18.f5 e5 19.dxe5 Qxe5 20.Rae1 Qb8 21.Nf3 Qd6
22.Rd1 Rfd8 23.Nd4 Rac8 24.Nc2 Qc5+ 25.Kh1 Re8 26.Rfe1 Qf2 27.Ne3 Qxb2 28.
Nxd5 Rxe1+ 29.Rxe1 Qxa2 30.Nxf6+ gxf6 31.h3 Qb3 32.Re3 a5 33.Qd4 Kh7 34.
Qxf6 Rg8 35.Kh2 Qa2 36.Qc6 a4 37.c4 Qf2 38.Qe4 Rxg2+ 39.Qxg2 Qxe3 40.f6 
Qe5+ 41.Kh1 Qxf6 42.Qc2+ Kg7 43.Qxa4 Qf1+ 44.Kh2 Qf2+ 45.Kh1 f5 46.Qc6 
Qf1+ 47.Kh2 Qf4+ 48.Kg2 Qg5+ 49.Kf3 Qf6 50.Qd7+ Kg6 51.Qe8+ Kg5 52.Qe3+ 
Kh5 53.Qe8+ Qg6 54.Qe5 Qc6+ 55.Kg3 Kg6 56.h4 Qd7 57.Qe2 Qc6 58.Qe5 Qd7 59.
Qe2 Qd6+ 60.Kh3 Qc6 61.Kg3 Qd7 62.Kg2 Qg7 63.Kh2 Qc7+ 64.Kg2 Qd6 65.Kh3 
Kf6 66.Qb2+ Ke6 67.Qb3 Qc5 68.Qc3 Qg1 69.Qf3 Qd4 70.Qc6+ Ke5 71.Qxh6 Qd3+ 
72.Kg2 Qe4+ 73.Kh3 Qg4+ 74.Kh2 Qxc4 75.Qxb6 Qxh4+ 76.Kg2 Qg4+ 77.Kf2 Qh4+ 
78.Kg2 Qc4 79.Qe3+ Kd5 80.Qf3+ Qe4 1/2-1/2

[Event "46th World U20 ch"]
[Site "Yerevan ARM"]
[Date "2007.10.09"]
[Round "7.26"]
[White "Hungaski, Robert"]
[Black "Mamikonian, Tigran"]
[Result "0-1"]
[WhiteElo "2432"]
[BlackElo "2257"]
[EventDate "2007.10.03"]
[PlyCount "108"]

1.e4 e5 2.Nf3 Nc6 3.Bb5 a6 4.Bxc6 dxc6 5.O-O f6 6.d4 exd4 7.Nxd4 c5 8.Ne2 
Qxd1 9.Rxd1 Bd7 10.Nbc3 O-O-O 11.Be3 Bd6 12.Bf4 Bxf4 13.Nxf4 Ne7 14.f3 Nc6
15.Kf2 Ne5 16.Ncd5 Rde8 17.Nh5 Rhg8 18.Ne3 Be6 19.g4 Bf7 20.Nf4 Rgf8 21.h4
g6 22.a3 Nc4 23.Nxc4 Bxc4 24.Rd2 Re7 25.Rad1 b5 26.Kg3 Kb7 27.Rd7 Rfe8 28.
R1d6 Rxd7 29.Rxd7 Bg8 30.g5 Kc6 31.Rg7 fxg5 32.hxg5 b4 33.Nd3 a5 34.Kf4 c4
35.Nc1 c3 36.b3 bxa3 37.Ke3 Rd8 38.Na2 a4 39.Nxc3 Bxb3 40.cxb3 axb3 41.
Rxh7 Rd1 42.Rh2 b2 43.Rc2 Kd7 44.Nxd1 b1=Q 45.Rd2+ Ke6 46.Nc3 Qg1+ 47.Kd3 
Qxg5 48.Ra2 Qc1 49.Kc4 Qf1+ 50.Kb4 Qxf3 51.Rxa3 g5 52.Kc4 g4 53.Ra6+ Kd7 
54.Kd4 c5+ 0-1

[Event "46th World U20 ch"]
[Site "Yerevan ARM"]
[Date "2007.10.09"]
[Round "7.28"]
[White "Abhishek, Das"]
[Black "Gevorgian, David"]
[Result "0-1"]
[WhiteElo "2383"]
[BlackElo "2141"]
[EventDate "2007.10.03"]
[PlyCount "78"]

1.e4 e5 2.Nf3 Nc6 3.Nc3 Nf6 4.Bb5 Bb4 5.O-O O-O 6.d3 d6 7.Bg5 Bxc3 8.bxc3 
h6 9.Bh4 Bd7 10.d4 a6 11.Bd3 Bg4 12.d5 Nb8 13.h3 Bxf3 14.Qxf3 g5 15.Bg3 
Nbd7 16.h4 Kg7 17.Rab1 Nc5 18.Qe3 Ng4 19.Qe2 Qd7 20.f3 Nf6 21.hxg5 hxg5 
22.Qe3 Kg6 23.f4 Ng4 24.Qe2 gxf4 25.Bxf4 exf4 26.e5+ Kg5 27.Rxf4 Nxd3 28.
cxd3 dxe5 29.Rc4 f5 30.Rxb7 Rac8 31.Qf3 Rf6 32.Rb1 Qh7 33.g3 Qh2+ 34.Kf1 
f4 35.gxf4+ Rxf4 36.Rxf4 Qxf4 37.Qxf4+ exf4 38.Rb7 f3 39.Rb4 Rh8 0-1

[Event "46th World U20 ch"]
[Site "Yerevan ARM"]
[Date "2007.10.09"]
[Round "7.29"]
[White "Hairapetian, Hovik"]
[Black "Galic, Ivan"]
[Result "0-1"]
[WhiteElo "2374"]
[BlackElo "2255"]
[EventDate "2007.10.03"]
[PlyCount "122"]

1.d4 d5 2.Nf3 Nf6 3.c4 c6 4.Nc3 dxc4 5.a4 Bf5 6.e3 e6 7.Bxc4 Bb4 8.O-O 
Nbd7 9.Qe2 Bg4 10.h3 Bh5 11.e4 Nb6 12.Bb3 Bxf3 13.Qxf3 Qxd4 14.Rd1 Qc5 15.
Be3 Qe7 16.a5 Nbd7 17.a6 b6 18.Qg3 O-O 19.e5 Bxc3 20.bxc3 Ne4 21.Qg4 Nec5 
22.Bg5 f6 23.exf6 Nxf6 24.Qb4 Qf7 25.Bc2 h6 26.Bd2 Rad8 27.Qh4 Nd5 28.c4 
Qf6 29.Qxf6 Nxf6 30.Bb4 Rxd1+ 31.Rxd1 Nfd7 32.Bg6 Rc8 33.Bc3 Nb8 34.Rd4 
Nbxa6 35.Rg4 Rc7 36.Be5 Rb7 37.Be8 Nb8 38.Bd6 Nbd7 39.Rf4 a5 40.h4 a4 41.
Rf3 Ne4 42.Bf7+ Kh8 43.Bf4 e5 44.Bc1 Ndf6 45.Be6 Re7 46.Bf5 Nd6 47.Bg6 
Nxc4 48.g4 e4 49.Rc3 Ne5 50.Bf5 Nf3+ 51.Kf1 Nxh4 52.Rxc6 Nxf5 53.gxf5 b5 
54.Bb2 Rb7 55.Ra6 Rc7 56.Kg2 Rc5 57.Bxf6 gxf6 58.Rxf6 b4 59.Rb6 b3 60.f6 
Kg8 61.Kg3 Ra5 0-1

[Event "46th World U20 ch"]
[Site "Yerevan ARM"]
[Date "2007.10.11"]
[Round "8.1"]
[White "Adly, Ahmed"]
[Black "Laznicka, Viktor"]
[Result "1-0"]
[WhiteElo "2494"]
[BlackElo "2610"]
[EventDate "2007.10.03"]
[PlyCount "55"]

1.e4 c5 2.Nf3 e6 3.d3 Nc6 4.g3 d5 5.Nbd2 Nf6 6.Bg2 Be7 7.O-O b6 8.Re1 Bb7 
9.e5 Nd7 10.c4 Qc7 11.cxd5 exd5 12.d4 Nf8 13.Nf1 Ne6 14.dxc5 bxc5 15.Ne3 
d4 16.Nd5 Qd7 17.Nd2 Nb4 18.Nxe7 Bxg2 19.Nf5 Bd5 20.Ne4 Kf8 21.a3 Nc6 22.
Qh5 d3 23.Nf6 gxf6 24.Qh6+ Kg8 25.exf6 Re8 26.Bf4 Rc8 27.Bd6 Ncd4 28.Qg7+ 
1-0

[Event "46th World U20 ch"]
[Site "Yerevan ARM"]
[Date "2007.10.11"]
[Round "8.7"]
[White "Corrales Jimenez, Fidel"]
[Black "Amin, Bassem"]
[Result "1/2-1/2"]
[WhiteElo "2513"]
[BlackElo "2561"]
[EventDate "2007.10.03"]
[PlyCount "221"]

1.e4 e5 2.Nf3 Nc6 3.Bb5 a6 4.Ba4 Nf6 5.O-O Be7 6.Re1 b5 7.Bb3 O-O 8.c3 d6 
9.h3 Nb8 10.d4 Nbd7 11.Nbd2 Bb7 12.Bc2 Re8 13.Nf1 Bf8 14.Ng3 g6 15.b3 exd4
16.cxd4 c5 17.Bb2 cxd4 18.Qxd4 Ne5 19.Rad1 Nxf3+ 20.gxf3 Bg7 21.Qd2 h5 22.
h4 Qd7 23.Ba1 Rac8 24.Bb1 Qh3 25.Qf4 Re6 26.Bd3 Re5 27.Bf1 Qe6 28.Bxe5 
dxe5 29.Qd2 Bf8 30.Rc1 Bc5 31.Kh2 Qb6 32.Red1 Re8 33.Rc2 Bd4 34.Bh3 Nh7 
35.Rg1 Kh8 36.Rgc1 Qf6 37.Kg2 Bb6 38.Bc8 Rd8 39.Qe2 Bxc8 40.Rxc8 Qxh4 41.
Qd2 Kg7 42.Rxd8 Bxd8 43.Qd7 Nf8 44.Qd6 Qg5 45.Rc5 Bf6 46.Rc7 Bd8 47.Rc5 h4
48.Rxe5 Qf6 49.Qxf6+ Bxf6 50.Re8 hxg3 51.e5 Bg5 52.fxg3 Bd2 53.Ra8 a5 54.
Rb8 b4 55.Rb5 Ne6 56.Rxa5 g5 57.Kf2 Kg6 58.Ke2 Bc3 59.Kd3 Be1 60.g4 Nf4+ 
61.Kc4 Kg7 62.a4 bxa3 63.Rxa3 Ng6 64.Kd5 Bg3 65.b4 Nxe5 66.b5 Nd7 67.Ra7 
Nb6+ 68.Kc6 Bf2 69.Ra6 Nc4 70.Ra2 Bg1 71.Rg2 Be3 72.Kd5 Nb6+ 73.Ke4 Bc5 
74.Kf5 Be3 75.Rc2 Nd7 76.Rc3 Bf4 77.Ke4 Bg3 78.Rc2 Kf8 79.Kd5 Bf4 80.Rc6 
Ne5 81.Rc3 Nd7 82.Rc6 Ne5 83.Rc8+ Ke7 84.b6 Nd7 85.b7 Nb8 86.Kc5 Kd7 87.
Kb5 Ke7 88.Rc5 Ke6 89.Rc4 f5 90.gxf5+ Kxf5 91.Kb6 Ke6 92.Ka7 Kd7 93.Rd4+ 
Kc7 94.Re4 Nd7 95.Rc4+ Kd6 96.Rc8 Ke7 97.Ka6 Nb8+ 98.Kb5 Kd7 99.Kc5 Na6+ 
100.Kd5 Nb8 101.Kc5 Be3+ 102.Kb5 Bf4 103.Rc5 Ke6 104.Rc3 Ke7 105.Rd3 Ke6 
106.Rd8 Ke7 107.Rh8 Kd7 108.Rh7+ Kd6 109.Rg7 Nd7 110.Ka6 Nb8+ 111.Kb5 
1/2-1/2

[Event "46th World U20 ch"]
[Site "Yerevan ARM"]
[Date "2007.10.11"]
[Round "8.8"]
[White "Andreikin, Dmitry"]
[Black "Melkumian, Hrant"]
[Result "1-0"]
[WhiteElo "2555"]
[BlackElo "2469"]
[EventDate "2007.10.03"]
[PlyCount "149"]

1.e4 e5 2.Nf3 Nc6 3.Bc4 Bc5 4.c3 Nf6 5.d3 a6 6.Bb3 Ba7 7.h3 d5 8.Qe2 dxe4 
9.dxe4 Qe7 10.Nbd2 Be6 11.Nf1 Bxb3 12.axb3 Qe6 13.b4 O-O 14.Ng3 Ne7 15.O-O
Ng6 16.Nf5 Rfe8 17.g3 Bb6 18.Bg5 Nd7 19.Rad1 f6 20.Be3 Rad8 21.Qd3 Bxe3 
22.Nxe3 Nh8 23.b5 Nf7 24.bxa6 bxa6 25.Nd5 Rc8 26.Kg2 c6 27.Nb4 a5 28.Qxd7 
axb4 29.Qxe6 Rxe6 30.cxb4 Rb8 31.Ra1 Nd6 32.Rfc1 Nxe4 33.Rc4 f5 34.Ra6 Kf8
35.b3 Ke7 36.g4 g6 37.Ra7+ Kd6 38.Rxh7 Nf6 39.Rg7 Rg8 40.Rb7 Nd5 41.b5 
cxb5 42.Rxb5 Ree8 43.Ng5 Rc8 44.Kg3 Rgf8 45.Ra5 Rb8 46.Ra6+ Rb6 47.Rxb6+ 
Nxb6 48.Rb4 Kc6 49.gxf5 gxf5 50.Rh4 Rg8 51.Rh6+ Kd5 52.h4 Nd7 53.f3 e4 54.
Kf4 exf3 55.Nxf3 Nc5 56.Rb6 Rf8 57.Rb5 Kd6 58.Nd4 Nd3+ 59.Ke3 Ne5 60.h5 
f4+ 61.Ke4 Nd7 62.Rd5+ Ke7 63.Nf5+ Ke8 64.Kxf4 Nf6 65.Re5+ Kf7 66.Nd6+ Kg7
67.Rg5+ Kh7 68.Ke5 Ng8 69.b4 Ne7 70.b5 Kh6 71.Rg1 Rb8 72.Ke6 Ng8 73.Kf7 
Kh7 74.Rg7+ Kh8 75.Kg6 1-0